Statistiques concernant Culture Générale - Série 835

Cliquez ici pour prendre le quiz!

Statistiques générales

  • Ce quiz a été pris 56 fois
  • Le résultat moyen est 7 sur 10

Statistiques - réponses

QuestionRéponse% Correct
A quel membre de la famille fait-on référence quand on parle de sa "belle-doche" ?belle-mère
98%
Quelle petite mèche de cheveux indisciplinée peut aussi être "de blé" ou "de maïs" dans les champs ?épi
98%
Selon l'expression, quand on change de sujet sans transition, on "passe du coq à...l'âne
96%
Selon l'expression, que casse-t-on sur le dos d'une personne, lorsqu'on dit du mal d'elle en son absence ?sucre
89%
Quel mode de suicide, particulier au Japon, consiste à s'ouvrir le ventre ?hara-kiri
87%
A Paris en particulier, on appelait autrefois le quartier des gueux et des mendiants la "cour des...miracles
83%
Dans quel pays peut-on pêcher des saumons dans le fleuve Teno ?Finlande
56%
Quel acteur incarnait "Louis la Brocante" sur France 3 ?Victor Lanoux
48%
La dernière oeuvre de Jacques Offenbach, créée en 1881, est un opéra fantastique. Quel en est le titre ?Les Contes d'Hoffmann
6%
Quel mot désigne à la fois une petite masse de plomb servant à fixer les filets de pêche et l'enveloppe contenant les semences d'une plante légumineuse comme le pois ?gousse
6%

Distribution des résultats

Percentile par nombre de réponses

% des personnes avec chaque résultat

Votre développement - résultats

Vous n’avez pas pris ce quiz